| 000 | 00744nam a2200253Ia 4500 | ||
|---|---|---|---|
| 003 | OSt | ||
| 005 | 20221007081013.0 | ||
| 006 | a|||||r|||| 00| 0 | ||
| 007 | ta | ||
| 008 | 221006b |||||||| |||| 00| 0 eng d | ||
| 024 | _a28,025 | ||
| 037 | _cReports / Technical Reports | ||
| 040 |
_aFLL _cFLL _beng |
||
| 041 |
_2eng _aeng |
||
| 082 | _aZ73:215, K8.5A | ||
| 100 |
_aKnauth Arnold Whitman _9696104 |
||
| 245 | 0 | _aBenedict on admiralty | |
| 250 | _a7th | ||
| 260 |
_aNew York _bMatthew Bender _c1968 |
||
| 300 |
_avi,1391p _ccm. |
||
| 700 |
_a Knauth Christopher R. _9696105 |
||
| 942 |
_hZ73:215, K8.5A _cREP _2CC |
||
| 999 |
_c1161640 _d1161640 |
||